| 000 | 00456nam a2200181Ia 4500 | ||
|---|---|---|---|
| 005 | 20250108235115.0 | ||
| 008 | 240331s9999 xx 000 0 und d | ||
| 020 | _a0855981377 | ||
| 082 |
_bTIN _23855 _a305.3 |
||
| 245 | 0 |
_aChanging Perceptions: _bWriting on Gender and Development |
|
| 260 |
_aOxford _bOxfam _c1991 |
||
| 300 | _axi, 324 p., | ||
| 650 | _aGender | ||
| 650 | _aDevelopment | ||
| 650 | _aWomen | ||
| 700 |
_aWallace, T _eedt |
||
| 942 | _cL | ||
| 999 |
_c1559 _d1559 |
||